Welcome to CU Library Online Public Access Catalogue (OPAC)

Advanced accounting / (Record no. 8746)

MARC details
000 -LEADER
fixed length control field 00655cam a22002294a 4500
001 - CONTROL NUMBER
control field 12540851
005 - DATE AND TIME OF LATEST TRANSACTION
control field 20260217110319.0
008 - FIXED-LENGTH DATA ELEMENTS--GENERAL INFORMATION
fixed length control field 010921s2001 mau b 001 0 eng
020 ## - INTERNATIONAL STANDARD BOOK NUMBER
International Standard Book Number 0072524081
020 ## - INTERNATIONAL STANDARD BOOK NUMBER
International Standard Book Number 9780072524086
050 00 - LIBRARY OF CONGRESS CALL NUMBER
Classification number HF5635
Item number .H863 2001b
082 00 - DEWEY DECIMAL CLASSIFICATION NUMBER
Classification number 657/.046
Edition information 21
100 1# - MAIN ENTRY--PERSONAL NAME
Personal name Hoyle, Joe Ben.
245 10 - TITLE STATEMENT
Title Advanced accounting /
Statement of responsibility, etc. Joe B. Hoyle, Thomas F. Schaefer, Timothy S. Doupnik.
250 ## - EDITION STATEMENT
Edition statement Updated 6th ed.
260 ## - PUBLICATION, DISTRIBUTION, ETC.
Place of publication, distribution, etc. Boston :
Name of publisher, distributor, etc. McGraw-Hill Irwin,
Date of publication, distribution, etc. c2001.
300 ## - PHYSICAL DESCRIPTION
Extent xxiii, 903 p. ;
Dimensions 29 cm.
650 #0 - SUBJECT ADDED ENTRY--TOPICAL TERM
Topical term or geographic name entry element Accounting.
700 1# - ADDED ENTRY--PERSONAL NAME
Personal name Schaefer, Thomas F.
700 1# - ADDED ENTRY--PERSONAL NAME
Personal name Doupnik, Timothy S.
942 ## - ADDED ENTRY ELEMENTS (KOHA)
Source of classification or shelving scheme Library of Congress Classification
Koha item type Books
Suppress in OPAC No
999 ## -
-- 8746
-- 8746
Holdings
Withdrawn status Lost status Source of classification or shelving scheme Damaged status Not for loan Collection Home library Current library Shelving location Date acquired Total checkouts Full call number Barcode Date last seen Copy number Price effective from Koha item type Public note
    Library of Congress Classification     Non-fiction Graduate Library (Christ Temple) Graduate Library (Christ Temple) General stacks 02/17/2026   HF 5635 HOY GSCT00002612 02/17/2026 1 02/17/2026 Books EAQ
© 2023-2024 Copyright: Central University Libraries. All Rights Reserved | Created by: Mahone Tech Office